El perdón : (Registro nro. 30310)

Detalles MARC
000 -LEADER
fixed length control field 01892nam a22002777a 4500
003 - CONTROL NUMBER IDENTIFIER
control field OSt
005 - DATE AND TIME OF LATEST TRANSACTION
control field 20240530135010.0
008 - FIXED-LENGTH DATA ELEMENTS--GENERAL INFORMATION
fixed length control field 231027t20012006ck ||||r ||| 000 0 spa d
020 ## - INTERNATIONAL STANDARD BOOK NUMBER
International Standard Book Number 9580495629
037 ## - SOURCE OF ACQUISITION
Materials specified Donación
040 ## - CATALOGING SOURCE
Original cataloging agency CO-JMCR
Transcribing agency CO-JMCR
Modifying agency CO-JMCR
Description conventions rda
041 1# - LANGUAGE CODE
Language code of text/sound track or separate title spa
Language code of original eng
082 04 - DEWEY DECIMAL CLASSIFICATION NUMBER
Edition number 23
Classification number 158.2
Item number C54p
100 1# - MAIN ENTRY--PERSONAL NAME
Personal name Chopra, Deepak,
9 (RLIN) 1624
Dates associated with a name 1946 -
245 13 - TITLE STATEMENT
Title El perdón :
Remainder of title cien reflexiones /
Statement of responsibility, etc. Deepak Chopra; Traducción de Adriana de Hassan
246 1# - VARYING FORM OF TITLE
Title proper/short title The deeper Wound:
Remainder of title Recovering the soul from fear and suffering
260 ## - PUBLICATION, DISTRIBUTION, ETC.
Place of publication, distribution, etc. Bogotá:
Name of publisher, distributor, etc. Editorial Norma,
Date of publication, distribution, etc. 2001
-- ©2006
300 ## - PHYSICAL DESCRIPTION
Extent 176 páginas ;
Dimensions 21 cm
501 ## - WITH NOTE
With note Incluye prefacio
520 ## - SUMMARY, ETC.
Summary, etc. Aunque la idea para este libro nació del incidente trágico del 11 de septiembre de 2001, la intención del mismo evolucionó hasta convertirse en un manual que sirva para sanar la herida más profunda, independientemente de cuál sea su causa. Las tradiciones de la sabiduría nos dicen que es posible trascender el sufrimiento y alcanzar estados de expansión de la conciencia en los cuales, a través de la transformación personal, no solamente podemos llevar alegría al gran tejido de la vida, sino también sanarlo. Espero que cuando usted logre alcanzar el estado de alegría espontánea tras buscar en las profundidades de su alma, pueda al mismo tiempo contribuir a restablecer la armonía en el mundo. Porque usted es el mundo. ”Un principio de la física dice que cuando un electrón vibra, el universo se estremece. Entonces, seamos usted y yo esos electrones que vibran al nivel de la conciencia para traer paz, alegría, armonía y amor al mundo
650 14 - SUBJECT ADDED ENTRY--TOPICAL TERM
Source of heading or term JMCR
Topical term or geographic name entry element Perdón
General subdivision Meditaciones
9 (RLIN) 43081
650 24 - SUBJECT ADDED ENTRY--TOPICAL TERM
Source of heading or term JMCR
Topical term or geographic name entry element Ataques terroristas
General subdivision 11 de septiembre
650 34 - SUBJECT ADDED ENTRY--TOPICAL TERM
Source of heading or term JMCR
Topical term or geographic name entry element Ejercicios espirituales
700 ## - ADDED ENTRY--PERSONAL NAME
Personal name Hassan, Adriana de
Relator term Traductor
9 (RLIN) 12691
942 ## - ADDED ENTRY ELEMENTS (KOHA)
Source of classification or shelving scheme Dewey Decimal Classification
Koha item type Books
Existencias
Withdrawn status Lost status Source of classification or shelving scheme Damaged status Not for loan Home library Current library Shelving location Date acquired Total Checkouts Total Renewals Full call number Barcode Date last seen Date last checked out Copy number Price effective from Koha item type
    Dewey Decimal Classification     Biblioteca Pública José María del Castillo y Rada Biblioteca Pública José María del Castillo y Rada General Stacks 10/27/2023 12 4 158.2 C54p 201812188 02/13/2026 02/13/2026 Ej. 1 10/27/2023 Books